Normal view MARC view

Entry Topical Term

Number of records used in: 3

001 - CONTROL NUMBER

  • control field: 12816

003 - CONTROL NUMBER IDENTIFIER

  • control field: OSt

005 - DATE AND TIME OF LATEST TRANSACTION

  • control field: 20190815153842.0

008 - FIXED-LENGTH DATA ELEMENTS

  • fixed length control field: 190815|| aca||aabn | a|a d

040 ## - CATALOGING SOURCE

  • Original cataloging agency: OSt
  • Transcribing agency: OSt

150 ## - HEADING--TOPICAL TERM

  • Topical term or geographic name entry element: Microprocessors

670 ## - SOURCE DATA FOUND

  • Source citation: Work cat.: (OSt): Kaler, R.S. 12815, A Textbook of Microprocessors and Microcontrollers, 2011